WWE Trivia 3 - Statistics

General Stats
  • This quiz has been taken 54 times
  • The average score is 8 of 12
Answer Stats
Question Answer % Correct
Who won the first Royale Rumble? Jim Duggan
94%
Who was the official winner after a restart at the 2005 Royal Rumble? Batista
81%
Who holds the record for the most Royal Rumble appearances? Kane
81%
How many Royal Rumble matches has John Cena won? 2
75%
What year did the Greatest Royal Rumble take place? 2018
75%
Who won the most recent women's Royal Rumble? (2024) Bayley
75%
Which of the following has never participated in a Royal Rumble match? Razor Ramon
75%
Who has won the most Royal Rumble matches? Stone Cold Steve Austin
75%
Who holds the record for the most Royal Rumble eliminations? Brock Lesnar
69%
Who won the most recent men's Royal Rumble? (2024) Cody Rhodes
69%
What year did the first women's Royal Rumble take place? 2018
50%
As of 2024 how many Royal Rumble matches have taken place? 37
19%
No matching quizzes found
Score Distribution
Percent of People with Each Score
Percentile by Number Answered
Your Score History
You have not taken this quiz